000 00537nam a2200205Ia 4500
003 OSt
005 20230606105607.0
008 210423s2003 xx 000 0 und d
040 _cAL
041 _aeng
082 _a306.85
_223
_bROYF
100 _aROY (Parimal Kumar)
_9120018
245 _aFamily diversity in India
260 _aNew Delhi
_bGyan Publishing House
_c2003
365 _b690
_cINR
650 _aMarriage & Family
_9120019
650 _aSociology
_9120020
906 _adiversity ; Family ; India
942 _2ddc
_cBK
999 _c175767
_d175767